Ordenación de las contribuciones especiales / por Esteban Gaja Molist
Descripción Física:
343 p. ; 21 cm
Colección:
Serie manuales prácticos
Materias:
Impostos -- Espanya
MARC
| LEADER | 00000nam a2200000Ia 4500 | ||
|---|---|---|---|
| 001 | 10559 | ||
| 008 | 160829s1974 xx 000 0 cat d | ||
| 080 | |a M-2-295 | ||
| 100 | |a Gaja i Molist, Esteve |9 28268 | ||
| 245 | |a Ordenación de las contribuciones especiales / por Esteban Gaja Molist | ||
| 260 | |a Madrid : |b Instituto de Estudios de Administración Local, |c 1974 | ||
| 300 | |a 343 p. ; |c 21 cm | ||
| 490 | |a Serie manuales prácticos | ||
| 650 | |a Impostos |x Espanya |9 25281 | ||
| 710 | 2 | |a Instituto de Estudios de Administración Local (Espanya) |9 54775 | |
| 901 | |a Arxiu | ||
| 942 | |n 1 | ||
| 952 | |0 0 |1 0 |4 0 |6 M2295 |7 1 |9 44750 |a Arxiu |b Arxiu |d 2016-12-01 |l 0 |o M-2-295 |p 10559 |r 2016-12-01 00:00:00 |w 2016-12-01 |y ARXIU | ||
| 999 | |c 47332 |d 47332 | ||